书目信息 |
| 题名: |
HotSpot实战
|
|
| 作者: | 陈涛 著 | |
| 分册: | ||
| 出版信息: | 北京 人民邮电出版社 2014 |
|
| 页数: | 347页 | |
| 开本: | 24cm | |
| 丛书名: | ||
| 单 册: | ||
| 中图分类: | TP338 | |
| 科图分类: | ||
| 主题词: | 虚拟处理机 | |
| 电子资源: | ||
| ISBN: | 978-7-115-34363-5 | |
| 000 | 00734nam0 2200229 450 | |
| 001 | 524 | |
| 005 | 20140910092007.01 | |
| 010 | @a978-7-115-34363-5@dCNY69.00 | |
| 100 | @a20140430d2014 em y0chiy50 ea | |
| 101 | 0 | @achi |
| 102 | @aCN@b110000 | |
| 105 | @ay z 000yy | |
| 106 | @ar | |
| 200 | 1 | @aHotSpot实战@AHotSpot Shi Zhan@f陈涛著@FChen Tao Zhu |
| 210 | @a北京@c人民邮电出版社@d2014 | |
| 215 | @a347页@d24cm | |
| 330 | @a本书讲解了HotSpot虚拟机的工作原理,内容包括:OpenJDK与HotSpot项目、编译和调试HotSpot的方法、HotSpot内核结构、运行时数据区、转储分析方法等。 | |
| 606 | 0 | @a虚拟处理机 |
| 690 | @aTP338@v5 | |
| 701 | 0 | @a陈涛@AChen Tao@g(网易)@4著 |
| 801 | 0 | @aCN@bTANGWEI@c20140603 |
| 905 | @b0838873-75@dTP338@e125@f3 | |
| HotSpot实战/陈涛著.-北京:人民邮电出版社,2014 |
| 347页;24cm |
| ISBN 978-7-115-34363-5:CNY69.00 |
| 本书讲解了HotSpot虚拟机的工作原理,内容包括:OpenJDK与HotSpot项目、编译和调试HotSpot的方法、HotSpot内核结构、运行时数据区、转储分析方法等。 |
| ● |
| 相关链接 |
|
|
|
|
正题名:HotSpot实战
索取号:TP338/125
 
预约/预借
| 序号 | 登录号 | 条形码 | 馆藏地/架位号 | 状态 | 备注 |
| 1 | 0838873 | 208388733 | 第二样本阅览室/ [索取号:TP338/125] | 在馆 | |
| 2 | 0838874 | 208388742 | 密集书库—计算机科学学院/ [索取号:TP338/125] | 在馆 | |
| 3 | 0838875 | 208388751 | 第三借阅区/ [索取号:TP338/125] | 在馆 |